000 00467nam a2200181Ia 4500
003 GCL
008 140319s9999 xx 000 0 eng d
040 _aGCL /
_cGCL
082 0 4 _a843
_bB B
100 1 _aBOUAARD, ALPHONSE
245 1 0 _aLA BANQUET DES LEOPARDS /
_cBOUAARD, ALPHONSE
260 _a[S.N] :
_bLA TABLE RONDE ،
_c1987
300 _a281 P
490 _aCOLLECTION FOLIO
_v0
650 0 4 _aLITERATURE
650 0 4 _aFRENCH LITERATURE
942 _2ddc
_cBK
999 _c23099
_d23099